| 000 | 00557nam a22002057a 4500 | ||
|---|---|---|---|
| 003 | SISC | ||
| 005 | 20160316101423.0 | ||
| 008 | 130801t xxu||||| |||| 00| 0 eng d | ||
| 020 | _a0451176812 | ||
| 050 |
_aPS 3569 _b.Sh562 1992 |
||
| 082 |
_aCLA _bSH9 1992 |
||
| 100 |
_aShuler, Linda Lay _97237 |
||
| 245 |
_aVoice of the eagle / _cLinda Lay Shuler. |
||
| 260 |
_aNew York : _bSignet Book, _cc1992. |
||
| 300 |
_a620 p. : _c18 cm. |
||
| 650 |
_a Fiction. _9746 |
||
| 650 |
_aZuni Indians _xFiction. _97238 |
||
| 942 |
_2lcc _cBK |
||
| 999 |
_c8417 _d8417 |
||